000 00716nam a2200253Ia 4500
003 OSt
005 20221005092037.0
006 a|||||r|||| 00| 0
007 ta
008 221004b |||||||| |||| 00| 0 eng d
020 _a067941584X (hbk)
024 _a122447
037 _bGift, 27/10/2012,
_cTextual
040 _aCRL
_cCRL
_beng
041 _2eng
_aeng
082 _aX:326, N5
100 _aLowenstein Roger
_9474070
245 0 _aBuffett
_bThe making of an American captalist
260 _aNew York
_bRandom House U.S.A
_c1995
300 _axvii, 473p.
_ccm.
650 _aECONOMICS
942 _hX:326, N5
_cTEXL
_2cc
999 _c998234
_d998234